000 00384nam a2200145Ia 4500
008 151213s9999 xx 000 0 und d
100 _aDuncan Williamson
245 _aCost & Management Accounting
_cDuncan Williamson
260 _aNew Delhi
_bPrentic Hall
_c1998
300 _a1520 p.
650 _aAccounting
650 _aAccounting
700 _aDuncan Williamson
999 _c1181
_d1181